| 000 | 00492nam a2200229Ia 4500 | ||
|---|---|---|---|
| 008 | 210210b2012 xxu||||| |||| 00| 0 eng d | ||
| 020 | _a9780749455835 | ||
| 041 | _aeng | ||
| 082 | _a650.1 CAUO | ||
| 100 | _aCAUNT (John) | ||
| 245 | _aOrganise yoursef Ed 3 | ||
| 250 | _a | ||
| 260 |
_aLondon _bKogan Page _c2012 |
||
| 300 | _avi,162 | ||
| 650 | _ayoursel | ||
| 650 | _ayoursef | ||
| 650 | _aOrganise | ||
| 650 | _aEd | ||
| 650 | _a3 | ||
| 690 | _aBusiness | ||
| 906 | _a067411 | ||
| 999 |
_c150186 _d150186 |
||